000 01086cam a2200289 4500
002 ##1420
008 090401t1996 xxu||||| |||| 00| 0 eng d
020 _a085406754X
035 _a(Sirsi) u64914
041 0 _aeng
050 0 4 _a338.272 $2 18
090 _aRICS 1996/12ABCD
110 2 _aRoyal Institution of Chartered Surveyors
_bMinerals Practice Skills Panel
_94512
245 0 4 _aThe role of the Coal Authority with particular reference to licensing
260 _aLondon
_bRICS
_c1996
300 _a19p.
_c30cm.
350 _a7.50
490 0 _aRICS Minerals Practice Skills Panel Information Paper
_v6
520 _aExplores the role of the Coal Authority with particular reference to licensing.
520 _aUnder review 1 August 2006
650 2 4 _aCOAL AUTHORITY
651 4 _aEngland and Wales
_y1543-
690 _aENVIRONMENTAL AND LAND CONSULTANCY-MINERAL RESOURCE MANAGEMENT
856 4 1 _uhttps://www.rics.org/RICSWEB/getpage.aspx?p=k9cyI2srvUO1rj3zBuT8kQ
_zView the guidance free of charge at www.rics.org/guidance...
942 _n0
948 _c04/03/1997
999 _c94717
_d94717